Nové Zámky ; Komárno mapa mesta
| Corporate Author: | |
|---|---|
| Format: | Map |
| Language: | Slovak English German Hungarian |
| PhysicalDescription: | 1 mapa v obale fareb. 73 x 92 cm |
| Published: |
Harmanec
Vojenský kartografický ústav
1999
|
| ISBN: | 8080421692 |
| Series: | Edícia máp miest
|
| Subjects: |
MARC
| LEADER | 00000nem a2200000 a 4500 | ||
|---|---|---|---|
| 001 | vtls001360193 | ||
| 003 | SK-MaSNL | ||
| 005 | 20260301160848.0 | ||
| 007 | aj cazzn | ||
| 008 | 210623s1999 xo a 0 slo | ||
| 015 | |a SNBC1999/01-00247 | ||
| 020 | |a 8080421692 | ||
| 035 | |a SNK000313744 | ||
| 035 | |a urn:nbn:sk:snk-em3lemg | ||
| 035 | |a DA667D94-3A32-45C5-9B1D-DD548D57463F | ||
| 035 | |a urn:nbn:sk:snk-em008ix5 | ||
| 040 | |a SNK |b slo |c SNK |e AACR2 | ||
| 041 | 0 | |a slo |a eng |a ger |a hun | |
| 043 | |a e-xo--- | ||
| 044 | |a xo |c SK | ||
| 080 | |a 908.437.617(084.3) |2 1981 | ||
| 080 | |a 908.437.623 |2 1981 | ||
| 110 | 2 | |a Vojenský kartografický ústav (Harmanec, Slovensko) |4 aut |9 32777 | |
| 245 | 1 | 0 | |a Nové Zámky ; Komárno |h kartografický dokument |b mapa mesta |c spracoval Vojenský kartografický ústav, š.p., Harmanec ; zodpovedný redaktor Jaroslav Vašek ; technická redaktorka Emília Bodnárová |
| 246 | 3 | 0 | |a Komárno |
| 255 | |a Mierka 1:10 000 | ||
| 260 | |a Harmanec |b Vojenský kartografický ústav |c 1999 | ||
| 300 | |a 1 mapa v obale |b fareb. |c 73 x 92 cm | ||
| 490 | 1 | |a Edícia máp miest | |
| 500 | |a Podnáz. a text čiast. v jaz. angl., maď., nem. | ||
| 500 | |a Mapa obojs. Obs. inform., graf. mierky, pl., vysvetl., zozn. Red. uzávierka mp. Komárna 20.10.1998, mp. Nové Zámky 29.19.1998. Mp. okolia v mierke 1:50 000 | ||
| 651 | 7 | |a Komárno (Slovensko : okres) |2 SNK |9 15954 | |
| 651 | 7 | |a Nové Zámky (Slovensko) |2 SNK |9 15884 | |
| 651 | 7 | |a Komárno (Slovensko) |2 SNK |9 39168 | |
| 655 | 7 | |a orientačné plány |2 SNK |9 74276 | |
| 700 | 1 | |a Vašek, Jaroslav |4 lso |9 47559 | |
| 700 | 1 | |a Bodnárová, Emília |4 lso |9 8997 | |
| 830 | 0 | |a Edícia máp miest |9 287879 | |
| 919 | |a 80-8042-169-2 | ||
| 923 | |a orientačná |b skladaná |c pre verejnosť | ||
| 954 | |a mapy pôvodné (slovenské) |2 lita | ||
| 999 | |c 807201 |d 809131 | ||
| 952 | |t P60, <04>, [BOOK], {604} |a SNK |b SNK |y VYP |7 0 |p 17A0189862 |o snkSLCm 2037 D1 |i snkKSP 4199/99 |0 0 |1 0 |4 0 |d 1999-04-16 |f 1 |l 0 |r 2005-01-02 00:00:00 |w 2026-02-24 | ||
| 952 | |t P60, <03>, [BOOK], {603} |a SNK |b SNK |y PREZ |7 0 |p 17A0189861 |o snkSLCm 2037 |i snkKSP 4198/99 |0 0 |1 0 |4 0 |d 1999-04-16 |l 0 |r 2005-01-02 00:00:00 |w 2026-02-24 | ||


